Recovery of low-level radioactive waste packages from deep ocean disposal sites /

Bibliographic Details
Main Author: Walden, Barrie B.
Corporate Author: Woods Hole Oceanographic Institution
Format: Book
Language:English
Published: Woods Hole, Mass. : Woods Hole Oceanographic Institution, 1987.
Series:Woods Hole Oceanographic Institution (Series) ; no. 87-14.
Technical report (Woods Hole Oceanographic Institution)
Subjects:

MARC

Tag First Indicator Second Indicator Subfields
LEADER 00000cam a2200000Ia 4500
001 in00002000295
005 20151031124735.0
008 870427e198703 maua bt 000 0 eng d
035 |a (OCoLC)ocm15598168 
040 |a RIN  |c RIN  |d OCLCQ  |d TXA  |d UtOrBLW 
049 |a TXAM 
090 |a GC1  |b .W582 no. 87-14 
100 1 |a Walden, Barrie B. 
245 1 0 |a Recovery of low-level radioactive waste packages from deep ocean disposal sites /  |c Barrie B. Walden. 
264 1 |a Woods Hole, Mass. :  |b Woods Hole Oceanographic Institution,  |c 1987. 
300 |a iii, 36 pages :  |b illustrations ;  |c 28 cm. 
336 |a text  |b txt  |2 rdacontent 
337 |a unmediated  |b n  |2 rdamedia 
338 |a volume  |b nc  |2 rdacarrier 
490 1 |a WHOI ;  |v 87-14 
500 |a "March 1987." 
504 |a Bibliography: pages 35-36.  |b 11 
536 |a Prepared for the Environmental Protection Agency.  |b Contract EPA 68-01-6272. 
650 0 |a Radioactive waste disposal in the ocean. 
710 2 |a Woods Hole Oceanographic Institution. 
830 0 |a Woods Hole Oceanographic Institution (Series) ;  |v no. 87-14. 
830 0 |a Technical report (Woods Hole Oceanographic Institution) 
994 |a C0  |b TXA 
948 |a cataloged  |b h  |c 2004/10/22  |d c  |e bhartsfi  |f 12:20:49 pm 
999 |a MARS 
999 f f |s 73237428-363e-39ee-8ca8-9aa67659ffc4  |i 0fae6d80-be78-35f2-a5ed-a4a10cbdf8da  |t 0 
952 f f |p ric  |a Texas A&M University  |b Rellis Campus  |c Joint Library Facility  |d Remote Storage  |t 0  |e GC1 .W582 no.87-14  |h Library of Congress classification  |i unmediated -- volume  |m A14831286270 
998 f f |a GC1 .W582 no.87-14  |t 0  |l Remote Storage